Curs de gestió econòmica local
Publicado:
Barcelona :
Diputació de Barcelona. Àrea de Coordinació i Govern Local. Intervenció General. Direcció de Serveis Econòmics. Servei d'Assistència a la Gestió Econòmica Local ,
2008
Descripción Física:
121 p. ; 29 cm
MARC
| LEADER | 00000nam a2200000Ia 4500 | ||
|---|---|---|---|
| 001 | 21646 | ||
| 008 | 160829s2008 xx 000 0 cat d | ||
| 080 | |a M-6-211 | ||
| 245 | |a Curs de gestió econòmica local | ||
| 260 | |a Barcelona : |b Diputació de Barcelona. Àrea de Coordinació i Govern Local. Intervenció General. Direcció de Serveis Econòmics. Servei d'Assistència a la Gestió Econòmica Local, |c 2008 | ||
| 300 | |a 121 p. ; |c 29 cm | ||
| 650 | |a Administració local |x Aspectes econòmics |9 45363 | ||
| 650 | 0 | |a Desenvolupament económic |9 28523 | |
| 710 | 1 | |a Barcelona (Catalunya : Província). |b Servei d’Assistència a la Gestió Econòmica Local |9 53081 | |
| 901 | |a Arxiu | ||
| 942 | |n 1 | ||
| 952 | |0 0 |1 0 |4 0 |6 M6211 |7 1 |9 52544 |a Arxiu |b Arxiu |d 2016-12-01 |l 0 |o M-6-211 |p 21646 |r 2016-12-01 00:00:00 |w 2016-12-01 |y ARXIU | ||
| 999 | |c 56393 |d 56393 | ||